| 000 | 00369nam a22001577a 4500 | ||
|---|---|---|---|
| 003 | SGT | ||
| 020 | _a978-81-312-1147-2 | ||
| 082 | _a617.3, E15J | ||
| 100 | _aJOSHI, JAYANT | ||
| 245 | _aESSENTIALS OF ORTHOPEDICS & APPLIED PHYSIOTHERAPY | ||
| 250 | _a2ND | ||
| 260 |
_aDELHI _bELSEVIER _c2015 |
||
| 300 | _a608 | ||
| 650 | _aPHYSIOTHERAPY | ||
| 942 |
_2ddc _cBK _0121 |
||
| 999 |
_c8301 _d8301 |
||